Groups--Korea 1988 : proceedings of a Conference on Group Theory, held in Pusan, Kore, August 15-21, 1988

Αποθηκεύτηκε σε:
Λεπτομέρειες βιβλιογραφικής εγγραφής
Συγγραφή απο Οργανισμό/Αρχή: Conference on Group Theory Pusan, Korea
Άλλοι συγγραφείς: Kim, A. C. (Ann Chi), 1938- (Επιμελητής έκδοσης), Neumann, B. H. (Bernhard Hermann), 1909-2002 (Επιμελητής έκδοσης)
Μορφή: Πρακτικό Συνεδρίου Βιβλίο
Γλώσσα:English
Δημοσίευση: Berlin : Springer-Verlag, c1989.
Σειρά:Lecture notes in mathematics (Springer-Verlag) ; 1398
Θέματα:
Ετικέτες: Προσθήκη ετικέτας
Δεν υπάρχουν, Καταχωρήστε ετικέτα πρώτοι!

MARC

LEADER 00000cam a2200000 i 4500
001 1/28984
008 941103s1989 gw ||| | eng||
020 |a 3540516956 
035 |a 1993  |l 10038210 
040 |a GR-MyUA  |b gre  |e AACR2 
041 0 |a eng 
082 0 |a 512.2  
111 0 |a Conference on Group Theory  |d (1988  |c Pusan, Korea. 
245 1 0 |a Groups--Korea 1988 :   |b proceedings of a Conference on Group Theory, held in Pusan, Kore, August 15-21, 1988 /   |c A.C. Kim, B.H. Neumann eds.  
260 |a Berlin :   |b Springer-Verlag,   |c c1989. 
300 |a 189 σ. ;   |c 25 εκ.  
490 1 |a (Lecture notes in mathematics (Springer-Verlag)   |v ; 1398)  
504 |a Περιέχει βιβλιογραφικές αναφορές.  
650 0 0 |a Group theory  |x Congresses. 
700 1 |a Kim, A. C.   |q (Ann Chi),   |d 1938-  |e edt 
700 1 |a Neumann, B. H.   |q (Bernhard Hermann),   |d 1909-2002,  |e edt 
830 0 |a Lecture notes in mathematics (Springer-Verlag)  |v  ; 1398 
852 |a INST  |b SAMOS  |e 19941103  |h 512.2 CON  |p 005300008230  |q 005300008230  |t BK  |y 0 
909 |a Σ  |b 029223